000 00384 a2200121 4500
001 ART_10439
005 20260410161848.0
008 260409a
245 1 0 _aInducción de innovaciones y desarrollo agropecuario argentino
100 1 _ade Janvry, Alain
700 1 _aMartínez, Juan Carlos
773 0 _tEconómica
_g- Año XVIII, Nº 2 (may./ago. 1972)
_wREV7541
999 _c24751
_d24751